Регионална библиотека "Любен Каравелов" - Русе

Континентите (Запис номер 66106)

MARC детайли
000 -Лидер
Контролно поле с фиксирана дължина 02073nam a2200421 c 4500
003 - Код на организацията, давaща контролен номер
Контролно поле BLK
005 - Дата и час на последна редакция
Контролно поле 20230406130034.0
008 - Елементи от данни с фиксирана дължина
fixed length control field 180408b bul|||||r ||||||| ||bul||
010 ## - Наследен системен номер
LC control number KNG00070392000
040 ## - Източник на каталожния запис
Идентификатор на билиотеката - собственик на записа BLK
041 ## - Код за език
Код за езика на текст/звукозапис или на отделно заглавие Български
Код за езика КДБФ Български
080 ## - УДК
Текстов определител УДК Регионална география
УДК код - определител по УДК 913
УДК определител (21)
УДК - код + определител 913(21)
100 1# - Редна дума - Автор
Автор Рашев, Никола Иванов
Авторска отговорност първи автор
R(LIN) 369514
139 ## - Редно поле
Редна дума Рашев, Никола Иванов и др.
Авторски знак Раш - Р 43
245 10 - Сведения за заглавието
Заглавие Континентите
Подзаглавни данни Науч.-худож. кн. за деца
Редно поле (дума) Никола Иванов Рашев; съавт. Мартин Франсоа Гловня; худож. Димитър Влаев Влаев; худож. Киро Мавров; * Кирил Мавров.
257 ## - Страна на издаване
Страна на създаване/издаване България
260 ## - Област на издателските данни
Име на издателя, разпространителя и проч. Отечество
Година на издаване 1987
300 ## - Физическа характеристика
Страници 224 с.
Илюстрации и др. с ил.
Размери/Мащаб 29 см
380 ## - Жанр
Жанр Естествени науки. Математика
490 1# - СЕРИИ (Колекции)
Име на серия Научнопопулярна поредица за живата и неживата природа Какво знаем за ...
490 1# - СЕРИИ (Колекции)
Име на серия Серия География
500 ## - Общи забележки
Забележка В кн. худож. Кирил Мавров е означен Киро Мавров. - Съдържа 268 черно-бели и 452 цв. ил. - Офс. изд. - 65117 тир. - Геогр. показалец.
650 #4 - Допълнително описание по предмет – тема
Основно описание – тема или топоним География
9 (RLIN) 151794
650 #4 - Допълнително описание по предмет – тема
Основно описание – тема или топоним Континенти - география
9 (RLIN) 261326
653 ## - Ключова дума – ненормативна
Ключова дума континенти
653 ## - Ключова дума – ненормативна
Ключова дума география
653 ## - Ключова дума – ненормативна
Ключова дума литература за деца
653 ## - Ключова дума – ненормативна
Ключова дума детска литература
700 1# - Други автори (авторска отговорност)
Лично име Гловня, Мартин Франсоа
Дати, свързани с автора 1919-1966
Друга информация Географ
Автороска отговорност (Описва отношението между автора и произведението) съавт.
9 (RLIN) 54430
700 1# - Други автори (авторска отговорност)
Лично име Влаев, Димитър Влаев
Автороска отговорност (Описва отношението между автора и произведението) худож.
9 (RLIN) 370628
700 1# - Други автори (авторска отговорност)
Лично име Мавров, Киро
Автороска отговорност (Описва отношението между автора и произведението) худож.
9 (RLIN) 292791
700 1# - Други автори (авторска отговорност)
Лично име Мавров, Кирил
Автороска отговорност (Описва отношението между автора и произведението) *
Друга информация Мавров, Киро Петров
9 (RLIN) 370629
852 ## - Местоположение
Форматна сигнатура Цб ІІ 7122
856 4# - Електронен адрес и достъп
Електронен формат pdf - файл
Инструкция (цена за достъп) 0.00
Права за достъп disable
856 4# - Електронен адрес и достъп
Електронен формат pdf - файл
Инструкция (цена за достъп) 0.00
Права за достъп disable
999 ## - СИСТЕМНИ КОНТРОЛНИ НОМЕРА
Koha biblionumber 66106
Koha biblioitemnumber 66106
942 ## - АРТИКУЛИ
Вид на библиотечния материал Книги
Скрит в OPAC Не
Koha issues (borrowed), all copies 2
Периодичен библиозапис Да
944 ## - СЪЗДАВАНЕ И РЕДАКЦИЯ на ЗАПИСА
Създаване/Редакция Създаване
Дата на регистрацията/редакция 08.01.2007
Статус, дата на статуса ф /
Служител, извършил регистрацията/редакцията Виолета_Тройчева
944 ## - СЪЗДАВАНЕ И РЕДАКЦИЯ на ЗАПИСА
Създаване/Редакция Редакция
Дата на регистрацията/редакция 12.08.2015
Статус, дата на статуса ф /
Служител, извършил регистрацията/редакцията Людмила_Стоянова
999 ## - СИСТЕМНИ КОНТРОЛНИ НОМЕРА
Koha biblioitemnumber 66106
Наличности
Код за отписване Код за изгубен артикул Код за повреда Коз за рестрикции Код за отдаване Артикулен № Име на библиотеката - собственик Име на библиотеката, в която се намира в момента Статус (Текущо местоположение) Дата на вписване в системата Местоположение - отдел Цена в лева Инвентарен номер Систематично азбучна сигнатура Баркод Номер на екземпляра Цена в евро Служебна бележка Служебен тип на артикула Източник на класификационната схема Бележка за публиката
Изтеглен Не е изгубен Не е повреден без рестрикции заемане за дома 109348 Регионална библиотека "Любен Каравелов" Русе Регионална библиотека "Любен Каравелов" Русе Детски отдел 2007-01-08 Детски отдел 4.35 120000708278 ДН 91/Р 48 120000708278 1 2.22 Дост: DA Вид: А N: 1 Дата: 05.01.2007 Дата инв: 24.08.2015 Бележки инв: Д2015 Книги    
  Не е изгубен Не е повреден без рестрикции ползва се в читалня 109349 Регионална библиотека "Любен Каравелов" Русе Регионална библиотека "Любен Каравелов" Русе Хранилище 1987-01-01 Хранилище 4.35 491779 Цб ІІ 7122 120000491779 2 2.22 Дост: Dp Вид: Д N: стар фонд Дата: 01.01.1987 Книги Universal Decimal Classification  
  Не е изгубен Не е повреден без рестрикции заемане за дома 109350 Регионална библиотека "Любен Каравелов" Русе Регионална библиотека "Любен Каравелов" Русе Детски отдел 1987-01-01 Детски отдел 12.00 642520 ДН 91/Р 48 120000642520 3 6.14 Дост: Pk Вид: Ф N: стар фонд Дата: 01.01.1987 Дата инв: 24.08.2015 Бележки инв: Д2015 Книги Universal Decimal Classification  
Изтеглен Не е изгубен Не е повреден без рестрикции заемане за дома 109351 Регионална библиотека "Любен Каравелов" Русе Регионална библиотека "Любен Каравелов" Русе Детски отдел 1987-01-01 Детски отдел 4.35 497075 ДН 91/Р 48 120000497075 4 2.22 Дост: Pk Вид: Ф N: стар фонд Дата: 01.01.1987 Дата инв: 05.10.2015 Бележки инв: Д2015 Книги Universal Decimal Classification  
Изтеглен Не е изгубен Не е повреден без рестрикции заемане за дома 109352 Регионална библиотека "Любен Каравелов" Русе Регионална библиотека "Любен Каравелов" Русе   1987-01-01 Детски отдел 4.35 497078 ДН 91/Р 48 497078 5 2.22 Дост: Pk Вид: Ф N: стар фонд Дата: 01.01.1987 Дата инв: 25.09.2015 Бележки инв: Д2015 Книги   Отч.N: 49/17 , Дата: 09.10.2017
  Не е изгубен Не е повреден без рестрикции заемане за дома 109353 Регионална библиотека "Любен Каравелов" Русе Регионална библиотека "Любен Каравелов" Русе Детски отдел 1987-01-01 Детски отдел 4.35 497081 ДН 91/Р 48 120000497081 6 2.22 Дост: Pk Вид: Ф N: стар фонд Дата: 01.01.1987 Дата инв: 24.08.2015 Бележки инв: Д2015 Книги Universal Decimal Classification  
Изтеглен Не е изгубен Не е повреден без рестрикции заемане за дома 109354 Регионална библиотека "Любен Каравелов" Русе Регионална библиотека "Любен Каравелов" Русе Детски отдел 2014-09-12 Детски отдел 4.35 120000780756 ДН 91/Р 48 120000780756 7 2.22 Дост: DA Вид: А N: 18 Дата: 12.09.2014 Дата инв: 24.08.2015 Бележки инв: Д2015 Книги    
Vip Innovations Ltd, Rousse, Bulgaria 2025